000 00254nam a22001217a 4500
041 _aENG
100 _aPurohit
245 _aThermal Engineering
260 _aJodhpur
_bScientific Pub
_c1999
300 _a1290
650 _aAPE
856 _uAPE (10 )
999 _c1755
_d1755